[Event "HUN-chT2 Asztalos 1314"]
[Site "Hungary"]
[Date "2014.04.13"]
[Round "8"]
[White "Rein, Viktor"]
[Black "Baki, Peter"]
[Result "0-1"]
[WhiteElo "1959"]
[BlackElo "2102"]
[PlyCount "70"]
[EventDate "2013.09.08"]
[EventType "team-tourn"]
[EventRounds "9"]
[EventCountry "HUN"]
[SourceTitle "EXT 2016"]
[Source "ChessBase"]
[SourceDate "2015.10.08"]
[SourceVersion "1"]
[SourceVersionDate "2015.10.08"]
[SourceQuality "1"]
[WhiteTeam "Pecs Karmin"]
[BlackTeam "Szentlorinc"]
[WhiteTeamCountry "HUN"]
[BlackTeamCountry "HUN"]

1. d4 Nf6 2. c4 e6 3. a3 c5 4. dxc5 Bxc5 5. Nc3 Be7 6. Nf3 a6 7. e3 b6 8. Be2 Bb7 9. 0-0 0-0 10. b3 d6 11. Bb2 Nbd7 12. Nd4 Qc7 13. Rc1 Rac8 14. Bf3 Rfd8 15. Nb1 Qb8 16. Bxb7 Qxb7 17. Nd2 Nc5 18. Qe2 d5 19. cxd5 Nxd5 20. b4 Na4 21. N2b3 Bf6 22. Rxc8 Rxc8 23. Rc1 e5 24. Rxc8+ Qxc8 25. Nf3 e4 26. Bxf6 Nxf6 27. Nfd4 Nc3 28. Qe1 Nfd5 29. h3 Qc4 30. Kh2 g6 31. Kh1 Qd3 32. Kg1 f5 33. Nc1 Qb1 34. Qd2 Qa1 35. Nc2 Qxc1+ 0-1

[Event "HUN-chT2 Szechenyi 1011"]
[Site "Hungary"]
[Date "2010.11.07"]
[Round "5.3"]
[White "Baki, Peter"]
[Black "Varga, Tibor Jr"]
[Result "0-1"]
[WhiteElo "2130"]
[BlackElo "2090"]
[PlyCount "88"]
[EventDate "2010.09.12"]
[EventType "team-tourn"]
[EventRounds "11"]
[EventCountry "HUN"]
[SourceTitle "EXT 2012"]
[Source "ChessBase"]
[SourceDate "2011.11.24"]
[SourceVersion "1"]
[SourceVersionDate "2011.11.24"]
[SourceQuality "1"]
[WhiteTeam "Alsoszolnok"]
[BlackTeam "HVSE Infraplan"]
[WhiteTeamCountry "HUN"]
[BlackTeamCountry "HUN"]

1. c4 Nf6 2. Nc3 e5 3. g3 c6 4. Bg2 d5 5. cxd5 Nxd5 6. d3 Be6 7. Nf3 f6 8. 0-0 Nd7 9. e4 Nxc3 10. bxc3 Nc5 11. d4 Nd7 12. d5 Bg4 13. Be3 Bc5 14. Re1 cxd5 15. Qxd5 Bxe3 16. Rxe3 Qb6 17. Rd1 Be6 18. Qd2 0-0-0 19. Qc2 Nc5 20. Rb1 Qd6 21. Bf1 Rd7 22. Bb5 Rc7 23. Ree1 Rd8 24. Red1 Qe7 25. Nd2 Bg4 26. Re1 Qf7 27. Bf1 Rcd7 28. Nc4 Be6 29. Rb4 Qh5 30. Be2 Qg6 31. Bf1 Bg4 32. Ne3 Bf3 33. Rc4 b6 34. Bh3 Bxe4 35. Rxe4 Qxe4 36. Qxe4 Nxe4 37. Bf5 Nd2 38. Rd1 Kb7 39. Bxd7 Rxd7 40. Kg2 Kc6 41. Nf5 g6 42. Ne3 f5 43. Re1 Kc5 44. Re2 f4 0-1

[Event "HUN-chT2 Asztalos 0809"]
[Site "Hungary"]
[Date "2009.04.19"]
[Round "11"]
[White "Papagorasz, Takisz"]
[Black "Baki, Peter"]
[Result "0-1"]
[WhiteElo "2215"]
[BlackElo "2155"]
[PlyCount "78"]
[EventDate "2008.10.26"]
[EventType "team-tourn"]
[EventRounds "11"]
[EventCountry "HUN"]
[SourceTitle "EXT 2010"]
[Source "ChessBase"]
[SourceDate "2010.11.25"]
[SourceVersion "1"]
[SourceVersionDate "2010.11.25"]
[SourceQuality "1"]
[WhiteTeam "Fehervar"]
[BlackTeam "Dombovar"]
[WhiteTeamCountry "HUN"]
[BlackTeamCountry "HUN"]

1. d4 Nf6 2. c4 e6 3. Nf3 b6 4. a3 d5 5. Nc3 Bb7 6. cxd5 Nxd5 7. e3 Nd7 8. Bd3 Be7 9. 0-0 Nxc3 10. bxc3 c5 11. e4 0-0 12. Qe2 Re8 13. e5 Rc8 14. Bb5 Qc7 15. Be3 Red8 16. Rfc1 Nb8 17. Bd3 Nc6 18. Ng5 g6 19. h4 cxd4 20. cxd4 Nxd4 21. Bxd4 Qxc1+ 22. Rxc1 Rxc1+ 23. Kh2 Rxd4 24. Be4 Bxg5 25. Bxb7 Rxh4+ 26. Kg3 Rc3+ 27. f3 Rxa3 28. Qc2 Rd4 29. Qc8+ Kg7 30. Qc7 Ra5 31. Be4 Ra3 32. Kg4 Bd8 33. Qc2 h5+ 34. Kh3 Bg5 35. Qb2 Raa4 36. Kg3 Rd2 37. Qc3 Re2 38. Qd3 Re3 39. Qc2 Raxe4 0-1

[Event "HUN-chT2 Asztalos 0809"]
[Site "Hungary"]
[Date "2009.03.08"]
[Round "9"]
[White "Baki, Peter"]
[Black "Matrahalmi, Tibor"]
[Result "0-1"]
[WhiteElo "2155"]
[BlackElo "2233"]
[PlyCount "78"]
[EventDate "2008.10.26"]
[EventType "team-tourn"]
[EventRounds "11"]
[EventCountry "HUN"]
[SourceTitle "EXT 2010"]
[Source "ChessBase"]
[SourceDate "2010.11.25"]
[SourceVersion "1"]
[SourceVersionDate "2010.11.25"]
[SourceQuality "1"]
[WhiteTeam "Dombovar"]
[BlackTeam "MAV Elore"]
[WhiteTeamCountry "HUN"]
[BlackTeamCountry "HUN"]

1. c4 e5 2. Nc3 Nc6 3. g3 f5 4. Bg2 Nf6 5. d3 Bb4 6. Bd2 a5 7. e3 0-0 8. Nge2 d6 9. 0-0 Be6 10. Nd5 Bc5 11. a3 Bxd5 12. cxd5 Ne7 13. Rc1 Qe8 14. d4 exd4 15. exd4 Bb6 16. Nf4 Qb5 17. Re1 Rfe8 18. a4 Qd7 19. Qb3 Bxd4 20. Ne6 Bb6 21. Be3 Rac8 22. Bf1 Bxe3 23. Bb5 c6 24. dxc6 Nxc6 25. Rxe3 d5 26. Nc5 Rxe3 27. Qxe3 Qe7 28. Nxb7 Qxb7 29. Qe6+ Kh8 30. Rxc6 Re8 31. Qxf5 Rf8 32. Qf4 Qe7 33. Rc7 Qe6 34. Qd4 h6 35. Bd3 Rg8 36. Qf4 Rd8 37. Rb7 Qh3 38. Rb8 Qd7 39. Qf5 Rxb8 0-1

[Event "HUN-chT2 Asztalos 0809"]
[Site "Hungary"]
[Date "2009.01.25"]
[Round "6"]
[White "Javor, Sandor"]
[Black "Baki, Peter"]
[Result "0-1"]
[WhiteElo "2279"]
[BlackElo "2155"]
[PlyCount "68"]
[EventDate "2008.10.26"]
[EventType "team-tourn"]
[EventRounds "11"]
[EventCountry "HUN"]
[SourceTitle "EXT 2010"]
[Source "ChessBase"]
[SourceDate "2010.11.25"]
[SourceVersion "1"]
[SourceVersionDate "2010.11.25"]
[SourceQuality "1"]
[WhiteTeam "Baja"]
[BlackTeam "Dombovar"]
[WhiteTeamCountry "HUN"]
[BlackTeamCountry "HUN"]

1. f4 c5 2. e3 b6 3. d4 e6 4. Nf3 Bb7 5. Bd3 d6 6. c3 g6 7. e4 Bg7 8. Qe2 Ne7 9. Be3 0-0 10. 0-0 Nbc6 11. Nbd2 cxd4 12. cxd4 Nb4 13. a3 Nxd3 14. Qxd3 Rc8 15. Rfc1 Qd7 16. b3 Rxc1+ 17. Rxc1 Rc8 18. Nf1 Rxc1 19. Bxc1 Qc6 20. Bb2 Qxe4 21. Qxe4 Bxe4 22. N1d2 Bd5 23. Kf2 Kf8 24. Ke3 Bb7 25. g3 h5 26. a4 Ke8 27. Ba3 Bf6 28. Nc4 Nf5+ 29. Kf2 Kd7 30. Ng5 Bxd4+ 31. Ke1 Ke7 32. Ne5 Nh6 33. Nc4 Bc5 34. b4 Bd4 0-1

[Event "HUN-chT2 Asztalos 0708"]
[Site "Hungary"]
[Date "2008.03.02"]
[Round "7"]
[White "Baki, Peter"]
[Black "Matrahalmi, Tibor"]
[Result "0-1"]
[WhiteElo "2179"]
[BlackElo "2251"]
[PlyCount "118"]
[EventDate "2007.10.14"]
[EventType "team"]
[EventRounds "11"]
[EventCountry "HUN"]
[SourceTitle "EXT 2009"]
[Source "ChessBase"]
[SourceDate "2008.11.26"]
[SourceVersion "1"]
[SourceVersionDate "2008.11.26"]
[SourceQuality "1"]
[WhiteTeam "Dombovar"]
[BlackTeam "Elore MAV"]
[WhiteTeamCountry "HUN"]
[BlackTeamCountry "HUN"]

1. Nf3 Nf6 2. g3 d5 3. Bg2 c6 4. 0-0 Bg4 5. d3 Nbd7 6. Nbd2 e5 7. h3 Bh5 8. e4 Bd6 9. c3 0-0 10. Qc2 Re8 11. Re1 a5 12. a4 Bf8 13. Nf1 Qc7 14. g4 Bg6 15. Nh4 dxe4 16. dxe4 Nc5 17. Ng3 Ne6 18. Nxg6 hxg6 19. Be3 Nf4 20. Bxf4 exf4 21. Nf1 Bc5 22. Nd2 Nd7 23. Rad1 Ne5 24. Nf3 Rad8 25. Nxe5 Qxe5 26. Rd3 Rxd3 27. Qxd3 Bb6 28. Qc2 f3 29. Bxf3 Qf4 30. Bg2 Rd8 31. Re2 Bc7 32. Re3 Bb6 33. Re2 Bc7 34. Kf1 g5 35. Ke1 Qh2 36. Bf1 Bf4 37. b4 axb4 38. cxb4 Qh1 39. Qc3 b6 40. a5 bxa5 41. bxa5 Rb8 42. Qd3 c5 43. Ra2 c4 44. Qc2 Re8 45. Qb1 c3 46. Ra4 Qf3 47. Be2 Bd2+ 48. Kd1 Qxf2 49. Qb5 Qe1+ 50. Kc2 Qc1+ 51. Kd3 Rd8+ 52. Rd4 Rxd4+ 53. Kxd4 c2 54. Qe8+ Kh7 55. e5 Qa1+ 56. Kd5 Qxa5+ 57. Ke4 c1Q 58. Bd3 Qcc3 59. e6 Qae5+ 0-1

[Event "HUN-chT2 Asztalos 0708"]
[Site "Hungary"]
[Date "2007.12.16"]
[Round "5"]
[White "Baki, Peter"]
[Black "Ivan, Zoltan"]
[Result "0-1"]
[WhiteElo "2179"]
[BlackElo "2195"]
[PlyCount "60"]
[EventDate "2007.10.14"]
[EventType "team"]
[EventRounds "11"]
[EventCountry "HUN"]
[SourceTitle "EXT 2009"]
[Source "ChessBase"]
[SourceDate "2008.11.26"]
[SourceVersion "1"]
[SourceVersionDate "2008.11.26"]
[SourceQuality "1"]
[WhiteTeam "Dombovar"]
[BlackTeam "Komlo Banyasz"]
[WhiteTeamCountry "HUN"]
[BlackTeamCountry "HUN"]

1. e4 e5 2. Nf3 d5 3. exd5 Bd6 4. Bb5+ c6 5. dxc6 Nxc6 6. 0-0 Nf6 7. d4 e4 8. Ne5 Qc7 9. f4 0-0 10. c3 a6 11. Be2 b5 12. a4 b4 13. Nxc6 Qxc6 14. c4 Rb8 15. Be3 Qc7 16. Nd2 Rd8 17. Kh1 Qe7 18. Nb3 Bb7 19. d5 Nd7 20. Rc1 Nc5 21. Nxc5 Bxc5 22. Qd2 f5 23. Rfd1 Rbc8 24. Bd4 Qc7 25. Be5 Qb6 26. Bd4 Bxd4 27. Qxd4 Qxd4 28. Rxd4 Rxd5 29. Rxd5 Bxd5 30. Rd1 Bxc4 0-1

[Event "HUN-chT2 Asztalos 0708"]
[Site "Hungary"]
[Date "2007.11.25"]
[Round "3"]
[White "Baki, Peter"]
[Black "Kele, Karoly"]
[Result "0-1"]
[WhiteElo "2179"]
[BlackElo "2146"]
[PlyCount "58"]
[EventDate "2007.10.14"]
[EventType "team"]
[EventRounds "11"]
[EventCountry "HUN"]
[SourceTitle "EXT 2009"]
[Source "ChessBase"]
[SourceDate "2008.11.26"]
[SourceVersion "1"]
[SourceVersionDate "2008.11.26"]
[SourceQuality "1"]
[WhiteTeam "Dombovar"]
[BlackTeam "Pannonpower II"]
[WhiteTeamCountry "HUN"]
[BlackTeamCountry "HUN"]

1. e4 c5 2. Nf3 e6 3. d4 cxd4 4. Nxd4 Nc6 5. Nc3 Qc7 6. g3 a6 7. Bg2 Nf6 8. 0-0 d6 9. b3 Bd7 10. Bb2 Rc8 11. Re1 Be7 12. Rc1 0-0 13. Nce2 b5 14. c4 Nxd4 15. Nxd4 bxc4 16. Rxc4 Qb6 17. Rxc8 Rxc8 18. Qd2 d5 19. Qg5 h6 20. Qf4 e5 21. Qh4 exd4 22. e5 Qe6 23. Qxd4 Bc5 24. Qd2 Ne4 25. Bxe4 dxe4 26. Rxe4 Bc6 27. Rh4 g5 28. Rd4 Bxd4 29. Qxd4 Qd5 0-1

[Event "HUN-chT2 Asztalos 0708"]
[Site "Hungary"]
[Date "2007.11.11"]
[Round "2"]
[White "Papagorasz, Takisz"]
[Black "Baki, Peter"]
[Result "1/2-1/2"]
[WhiteElo "2233"]
[BlackElo "2179"]
[PlyCount "68"]
[EventDate "2007.10.14"]
[EventType "team"]
[EventRounds "11"]
[EventCountry "HUN"]
[SourceTitle "EXT 2009"]
[Source "ChessBase"]
[SourceDate "2008.11.26"]
[SourceVersion "1"]
[SourceVersionDate "2008.11.26"]
[SourceQuality "1"]
[WhiteTeam "Fehervar"]
[BlackTeam "Dombovar"]
[WhiteTeamCountry "HUN"]
[BlackTeamCountry "HUN"]

1. d4 Nf6 2. c4 e6 3. Nf3 b6 4. Nc3 Bb4 5. Bd2 Bb7 6. e3 0-0 7. Bd3 d6 8. Qc2 Nbd7 9. a3 Bxc3 10. Bxc3 Qe7 11. e4 e5 12. d5 Nc5 13. 0-0 Rae8 14. Rfe1 Nxd3 15. Qxd3 Bc8 16. b4 Nh5 17. Bd2 f5 18. exf5 Bxf5 19. Qb3 Bg4 20. Ng5 Qf6 21. f3 Bf5 22. Ne4 Qg6 23. Re2 Bxe4 24. Rxe4 Nf6 25. Re2 e4 26. Rae1 exf3 27. Qxf3 Ne4 28. Qe3 Qf5 29. Qh3 Qf7 30. Qd3 Nf2 31. Qf3 Nh3+ 32. Kh1 Rxe2 33. Qxe2 Nf4 34. Bxf4 Qxf4 1/2-1/2

[Event "HUN-chT2 Charousek 0607"]
[Site "Hungary"]
[Date "2007.04.15"]
[Round "8"]
[White "Siroky, Jan"]
[Black "Baki, Peter"]
[Result "1/2-1/2"]
[WhiteElo "2252"]
[BlackElo "2200"]
[PlyCount "110"]
[EventDate "2006.11.12"]
[EventType "team"]
[EventRounds "11"]
[EventCountry "HUN"]
[SourceTitle "EXT 2008"]
[Source "ChessBase"]
[SourceDate "2007.11.25"]
[SourceVersion "1"]
[SourceVersionDate "2007.11.25"]
[SourceQuality "1"]
[WhiteTeam "Pannonpower"]
[BlackTeam "Szentgotthard"]
[WhiteTeamCountry "HUN"]
[BlackTeamCountry "HUN"]

1. e4 c5 2. Nf3 d6 3. d4 cxd4 4. Nxd4 Nf6 5. Nc3 a6 6. Be3 e5 7. Nf3 Qc7 8. h3 Be7 9. Qd2 Be6 10. Ng5 Bc4 11. Bxc4 Qxc4 12. Qd3 Qxd3 13. cxd3 Nc6 14. 0-0-0 0-0 15. Nf3 b5 16. d4 Rac8 17. Kb1 Rfd8 18. d5 Nb8 19. Nd2 Nfd7 20. Nb3 Rf8 21. Rc1 Rc7 22. Ne2 Rfc8 23. Rxc7 Rxc7 24. Rc1 Rxc1+ 25. Nexc1 Bd8 26. Nd3 Bb6 27. Bd2 Kf8 28. f3 Ke7 29. Kc2 Nc5 30. Nbxc5 Bxc5 31. Bc3 Nd7 32. b3 f6 33. a4 Kd8 34. f4 g6 35. g4 Ke7 36. Be1 exf4 37. Nxf4 Nf8 38. Kd3 Bg1 39. axb5 axb5 40. Ne2 Bb6 41. b4 Nd7 42. Bg3 Nb8 43. Nc3 Na6 44. Nxb5 Nxb4+ 45. Kc4 Bc5 46. Nc7 Nc2 47. Kd3 Nb4+ 48. Kc3 Na2+ 49. Kc4 Nc1 50. Ne6 Ne2 51. Be1 Ba3 52. Bf2 Bc1 53. Kd3 Nf4+ 54. Nxf4 Bxf4 55. Kc4 Be5 1/2-1/2

[Event "HUN-chT2 Charousek 0607"]
[Site "Hungary"]
[Date "2006.12.17"]
[Round "4"]
[White "Baki, Peter"]
[Black "Pal, Geza"]
[Result "0-1"]
[WhiteElo "2200"]
[BlackElo "2205"]
[PlyCount "50"]
[EventDate "2006.11.12"]
[EventType "team"]
[EventRounds "11"]
[EventCountry "HUN"]
[SourceTitle "EXT 2008"]
[Source "ChessBase"]
[SourceDate "2007.11.25"]
[SourceVersion "1"]
[SourceVersionDate "2007.11.25"]
[SourceQuality "1"]
[WhiteTeam "Szentgotthard"]
[BlackTeam "Penzugyor"]
[WhiteTeamCountry "HUN"]
[BlackTeamCountry "HUN"]

1. e4 Nf6 2. d3 e5 3. Nf3 Nc6 4. g3 Bc5 5. Bg2 0-0 6. 0-0 d5 7. exd5 Nxd5 8. Nxe5 Nxe5 9. d4 Nb4 10. c3 Bg4 11. f3 Bf5 12. Na3 Bb6 13. Kh1 Nbd3 14. g4 Be6 15. Qc2 Qh4 16. Be3 h5 17. Qd2 hxg4 18. Bg5 Qh7 19. fxg4 Nxg4 20. Bxb7 Rab8 21. Bf3 Bxd4 22. cxd4 Rxb2 23. Nc2 Nb4 24. Be7 Rxc2 25. Qf4 Nd5 0-1

[Event "HUN-chT2 Charousek 0506"]
[Site "Hungary"]
[Date "2006.04.09"]
[Round "10"]
[White "Baki, Peter"]
[Black "Antok, Daniel"]
[Result "0-1"]
[WhiteElo "2184"]
[BlackElo "2219"]
[PlyCount "52"]
[EventDate "2005.10.16"]
[EventType "team"]
[EventRounds "11"]
[EventCountry "HUN"]
[SourceTitle "EXT 2009"]
[Source "ChessBase"]
[SourceDate "2008.11.26"]
[SourceVersion "1"]
[SourceVersionDate "2008.11.26"]
[SourceQuality "1"]
[WhiteTeam "Pannonpower"]
[BlackTeam "BEAC"]
[WhiteTeamCountry "HUN"]
[BlackTeamCountry "HUN"]

1. c4 c6 2. g3 d5 3. cxd5 cxd5 4. Nf3 Nf6 5. Bg2 Nc6 6. 0-0 Bg4 7. h3 Bh5 8. d3 e6 9. b3 Be7 10. Bb2 0-0 11. Nbd2 Qa5 12. a3 Rfd8 13. g4 Bg6 14. Nh4 e5 15. Nxg6 hxg6 16. b4 Qb6 17. Qb3 d4 18. Rac1 Rac8 19. f4 exf4 20. Rxf4 Qb5 21. Rcf1 Bd6 22. Rxf6 gxf6 23. Rxf6 Rd7 24. Rxg6+ Kf8 25. Rh6 Qe5 26. Ne4 Qh2+ 0-1

[Event "HUN-chT2 Charousek 0506"]
[Site "Hungary"]
[Date "2006.03.19"]
[Round "9"]
[White "Szittar, Antal"]
[Black "Baki, Peter"]
[Result "0-1"]
[WhiteElo "2073"]
[BlackElo "2184"]
[PlyCount "124"]
[EventDate "2005.10.16"]
[EventType "team"]
[EventRounds "11"]
[EventCountry "HUN"]
[SourceTitle "EXT 2009"]
[Source "ChessBase"]
[SourceDate "2008.11.26"]
[SourceVersion "1"]
[SourceVersionDate "2008.11.26"]
[SourceQuality "1"]
[WhiteTeam "Keszthely"]
[BlackTeam "Pannonpower"]
[WhiteTeamCountry "HUN"]
[BlackTeamCountry "HUN"]

1. e4 d6 2. d4 Nf6 3. Nc3 e6 4. Nf3 a6 5. Bd3 Nbd7 6. Bg5 Be7 7. 0-0 c5 8. dxc5 Nxc5 9. b4 Ncd7 10. a3 0-0 11. Ne2 b5 12. Ned4 Bb7 13. Qe2 Ne5 14. Nxe5 dxe5 15. Nb3 Rc8 16. f3 Nh5 17. Bxe7 Qxe7 18. g3 Qg5 19. Kh1 f5 20. Qd2 Qxd2 21. Nxd2 Rfd8 22. Nb3 Rc3 23. Nc5 Bc8 24. a4 a5 25. axb5 axb4 26. Na4 Rc7 27. Rab1 Rd4 28. b6 Rc6 29. Rb3 Nf6 30. Rfb1 fxe4 31. fxe4 Nxe4 32. Rxb4 Nd6 33. Rxd4 exd4 34. Kg1 Bb7 35. Re1 Kf7 36. Re5 Kf6 37. Ra5 e5 38. Ra7 Rc8 39. Ba6 Rb8 40. Nc5 Bc6 41. b7 Ke7 42. Ra8 Rxa8 43. bxa8Q Bxa8 44. Nd3 Kf6 45. Kf2 g5 46. Nb4 e4 47. Ke2 Ke5 48. Kd2 h5 49. Be2 e3+ 50. Ke1 h4 51. gxh4 gxh4 52. Bf1 Be4 53. Bd3 Kf4 54. Bxe4 Kxe4 55. Ke2 Nb5 56. Nd3 Na3 57. Kd1 Kf3 58. Nb4 Kf2 59. Nd3+ Kf1 60. Kc1 Nc4 61. c3 dxc3 62. Kc2 e2 0-1

[Event "HUN-chT2 Charousek 0506"]
[Site "Hungary"]
[Date "2005.10.30"]
[Round "2"]
[White "Baki, Peter"]
[Black "Guzs, Laszlo"]
[Result "1/2-1/2"]
[WhiteElo "2184"]
[BlackElo "2113"]
[PlyCount "156"]
[EventDate "2005.10.16"]
[EventType "team"]
[EventRounds "11"]
[EventCountry "HUN"]
[SourceTitle "EXT 2009"]
[Source "ChessBase"]
[SourceDate "2008.11.26"]
[SourceVersion "1"]
[SourceVersionDate "2008.11.26"]
[SourceQuality "1"]
[WhiteTeam "Pannonpower"]
[BlackTeam "Gyor Elektromos"]
[WhiteTeamCountry "HUN"]
[BlackTeamCountry "HUN"]

1. e4 e5 2. Nf3 Nf6 3. Nxe5 d6 4. Nf3 Nxe4 5. c4 Be7 6. Nc3 Nf6 7. d4 0-0 8. Bd3 Bg4 9. h3 Bxf3 10. Qxf3 Nc6 11. Be3 d5 12. 0-0 dxc4 13. Bxc4 Nxd4 14. Qxb7 Nc2 15. Rad1 Qb8 16. Qxb8 Rfxb8 17. Bc1 Rd8 18. Bf4 c6 19. Bc7 Rxd1 20. Rxd1 Rc8 21. Be5 Rd8 22. Rxd8+ Bxd8 23. Kf1 Kf8 24. Ke2 Nb4 25. Bb8 a5 26. Bd6+ Ke8 27. a3 Nbd5 28. Nxd5 Nxd5 29. Bxd5 cxd5 30. a4 Kd7 31. Bf8 Bf6 32. b3 g6 33. Kd3 Kc6 34. f4 h5 35. g4 hxg4 36. hxg4 Bb2 37. f5 gxf5 38. gxf5 Be5 39. b4 axb4 40. Bxb4 Kb6 41. Bc3 Bc7 42. Kd4 Kc6 43. Bb4 Bg3 44. Bd2 Bd6 45. Bg5 Bc7 46. Be3 Bb6+ 47. Kd3 Bc7 48. Bd4 Ba5 49. Kc2 Bc7 50. Kb3 Ba5 51. Bc3 Bb6 52. Bb4 Bd4 53. Kc2 Bf2 54. Kd3 Bg3 55. Ke3 Be5 56. Kf3 Bc7 57. Ke3 Be5 58. Kd3 Bg3 59. Kd4 Bc7 60. Be1 Bd6 61. a5 Bc7 62. Bc3 Bd6 63. a6 Bb8 64. Bb4 Ba7+ 65. Ke5 Kb5 66. Bc3 Kxa6 67. Kxd5 Kb5 68. Bd4 Bb8 69. Be5 Ba7 70. Kd6 Bb8+ 71. Kd5 Ba7 72. Bd6 Bb6 73. Ba3 Bc7 74. Bc5 Bb8 75. Bd6 Ba7 76. Bc7 Bc5 77. Bd8 Bb4 78. Ke5 Kc6 1/2-1/2

[Event "George Marx op"]
[Site "Paks"]
[Date "2005.06.18"]
[Round "5"]
[White "Baki, Peter"]
[Black "Frank, Jozsef"]
[Result "1-0"]
[WhiteElo "2205"]
[BlackElo "2017"]
[PlyCount "27"]
[EventDate "2005.06.14"]
[EventType "swiss"]
[EventRounds "9"]
[EventCountry "HUN"]
[SourceTitle "CBM 106 Extra"]
[Source "ChessBase"]
[SourceDate "2005.07.01"]
[SourceVersion "1"]
[SourceVersionDate "2005.07.01"]
[SourceQuality "1"]

1. e4 e6 2. Qe2 d5 3. exd5 Qxd5 4. Nc3 Qd8 5. Nf3 Nf6 6. g3 Bd6 7. Bg2 Nbd7 8. 0-0 a6 9. b3 0-0 10. Bb2 c5 11. d4 Qc7 12. Rad1 cxd4 13. Nxd4 Rb8 14. Nxe6 1-0

[Event "HUN-chT2 Charousek 0405"]
[Site "Hungary"]
[Date "2005.04.24"]
[Round "11"]
[White "Baki, Peter"]
[Black "Biro, Laszlo"]
[Result "1/2-1/2"]
[WhiteElo "2205"]
[BlackElo "2137"]
[PlyCount "69"]
[EventDate "2004.09.26"]
[EventType "team"]
[EventRounds "11"]
[EventCountry "HUN"]
[SourceTitle "EXT 2008"]
[Source "ChessBase"]
[SourceDate "2007.11.25"]
[SourceVersion "1"]
[SourceVersionDate "2007.11.25"]
[SourceQuality "1"]
[WhiteTeam "Pannonpower"]
[BlackTeam "Husi"]
[WhiteTeamCountry "HUN"]
[BlackTeamCountry "HUN"]

1. e4 d5 2. exd5 Nf6 3. Nf3 Nxd5 4. d4 g6 5. Bc4 Nb6 6. Bb3 Bg7 7. 0-0 0-0 8. Bf4 c5 9. c3 cxd4 10. cxd4 Nc6 11. Be5 Bxe5 12. dxe5 Qxd1 13. Rxd1 Bg4 14. Nbd2 Nd7 15. Re1 Nc5 16. Bc4 Nb4 17. Re2 Nbd3 18. h3 Be6 19. Bxe6 Nxe6 20. Ne4 Rfd8 21. Rd2 Rac8 22. Rad1 Nxb2 23. Nd6 Nxd1 24. Nxc8 Rxc8 25. Rxd1 b5 26. Rd7 Rc7 27. Rd5 a6 28. Kf1 Rc1+ 29. Ne1 Nf4 30. Rd8+ Kg7 31. g3 Ng2 32. Kxg2 Rxe1 33. Ra8 Rxe5 34. Rxa6 Rd5 35. Ra5 1/2-1/2

[Event "HUN-chT2 Asztalos 0304"]
[Site "Hungary"]
[Date "2004.02.22"]
[Round "8"]
[White "Baki, Peter"]
[Black "Figler, Janos"]
[Result "1-0"]
[WhiteElo "2190"]
[BlackElo "2144"]
[PlyCount "75"]
[EventDate "2003.08.29"]
[EventType "team"]
[EventRounds "11"]
[EventCountry "HUN"]
[SourceTitle "EXT 2009"]
[Source "ChessBase"]
[SourceDate "2008.11.26"]
[SourceVersion "1"]
[SourceVersionDate "2008.11.26"]
[SourceQuality "1"]
[WhiteTeam "Pannonpower"]
[BlackTeam "Gepelem"]
[WhiteTeamCountry "HUN"]
[BlackTeamCountry "HUN"]

1. e4 c5 2. Nf3 Nc6 3. d4 cxd4 4. Nxd4 Nf6 5. Nc3 e5 6. Ndb5 d6 7. Bg5 a6 8. Na3 b5 9. Nd5 Be7 10. Bxf6 gxf6 11. Bd3 Rg8 12. Ne3 Be6 13. c3 Bf8 14. Nac2 Bh6 15. Qh5 Rg6 16. 0-0 Kd7 17. Nf5 Bf4 18. g3 Qg8 19. Kh1 Bg5 20. f4 exf4 21. gxf4 Bxf5 22. exf5 Rh6 23. Qf3 Bh4 24. Rg1 Qf8 25. Be4 Rc8 26. Rad1 Qe7 27. Rg2 Na5 28. Re2 Qd8 29. Ne3 Qc7 30. Ng4 Rh5 31. Ne5+ fxe5 32. Qxh5 Be7 33. fxe5 Qc4 34. Bd5 Qa4 35. b3 Qf4 36. f6 Rxc3 37. fxe7 Kxe7 38. Qxf7+ 1-0

[Event "Nyiregyhaza op"]
[Site "Nyiregyhaza"]
[Date "2003.07.13"]
[Round "9"]
[White "Baki, Peter"]
[Black "Krivolapov, Konstantin"]
[Result "0-1"]
[WhiteElo "2190"]
[BlackElo "2365"]
[PlyCount "34"]
[EventDate "2003.07.05"]
[EventType "swiss"]
[EventRounds "9"]
[EventCountry "HUN"]
[SourceTitle "EXT 2005"]
[Source "ChessBase"]
[SourceDate "2004.11.15"]
[SourceVersion "1"]
[SourceVersionDate "2004.11.15"]
[SourceQuality "1"]

1. e4 c5 2. Nf3 g6 3. c3 Bg7 4. d4 cxd4 5. cxd4 d5 6. e5 f6 7. Nc3 Nc6 8. Bf4 Bg4 9. Bb5 Nh6 10. h3 Bxf3 11. Qxf3 Nf5 12. Rd1 fxe5 13. Bxe5 Bxe5 14. dxe5 e6 15. g4 Nh4 16. Qg3 0-0 17. f4 Rxf4 0-1

[Event "Nyiregyhaza op"]
[Site "Nyiregyhaza"]
[Date "2003.07.07"]
[Round "3"]
[White "Dobai, Szabolcs"]
[Black "Baki, Peter"]
[Result "1/2-1/2"]
[WhiteElo "2106"]
[BlackElo "2190"]
[PlyCount "129"]
[EventDate "2003.07.05"]
[EventType "swiss"]
[EventRounds "9"]
[EventCountry "HUN"]
[SourceTitle "EXT 2005"]
[Source "ChessBase"]
[SourceDate "2004.11.15"]
[SourceVersion "1"]
[SourceVersionDate "2004.11.15"]
[SourceQuality "1"]

1. Nf3 Nf6 2. g3 c5 3. Bg2 Nc6 4. d4 e6 5. 0-0 a6 6. c4 cxd4 7. Nxd4 Qc7 8. Nc3 b6 9. e4 Bb7 10. Nb3 Be7 11. Bf4 Ne5 12. Qd4 d6 13. c5 bxc5 14. Nxc5 dxc5 15. Qxe5 Qc6 16. Qc7 Rc8 17. Qxc6+ Bxc6 18. Rfd1 Nd7 19. Bf1 Bb7 20. Rd2 Bf6 21. Rad1 Bd4 22. Be3 e5 23. Nd5 Nf6 24. Nxf6+ gxf6 25. Bh3 Rc7 26. Bf5 0-0 27. Rc2 Bc8 28. Bxd4 Bxf5 29. exf5 Rd8 30. Rdc1 exd4 31. Rxc5 Rxc5 32. Rxc5 d3 33. Rc1 Re8 34. Rd1 Re2 35. Rxd3 Rxb2 36. Ra3 Rb6 37. Kg2 Kg7 38. g4 Rc6 39. Kf3 Kh6 40. h3 Rd6 41. Ke4 Kg5 42. Kf3 h5 43. Kg3 h4+ 44. Kf3 Kh6 45. Ke4 Kg7 46. f4 Kf8 47. g5 Kg7 48. Kf3 fxg5 49. fxg5 f6 50. Kg4 fxg5 51. Kxg5 Kf7 52. Ra4 Rd3 53. Rxa6 Rxh3 54. Ra7+ Kg8 55. Ra4 Rh2 56. Kf6 h3 57. Rg4+ Kh7 58. a4 Ra2 59. Rh4+ Kg8 60. Rxh3 Rxa4 61. Rb3 Ra6+ 62. Kg5 Kf7 63. Rb7+ Kf8 64. Rc7 Rb6 65. f6 1/2-1/2